| 000 | 01880cam0 2200457 ib4500 | ||
|---|---|---|---|
| 001 | BY-VI0001-br165782 | ||
| 005 | 20260318100604.0 | ||
| 010 | ^a5-271-06702-5 | ||
| 010 |
^a5-17-019-521-4 ^bв переплете ^d6р.12к. |
||
| 035 | ^a(BY-MI0006)BY-VI0001-br165782 | ||
| 100 | ^a20180719d2003 b y0rusy50 ca | ||
| 101 | 0 | ^arus | |
| 102 | ^aRU | ||
| 105 | ^aa z 000oy | ||
| 109 | ^ama | ||
| 181 | 0 | ^ai2 | |
| 181 | 0 |
^ab2 ^b b2 |
|
| 182 | 0 | ^an | |
| 200 | 1 |
^aАзбука сказок ^eкнига-игра ^f[разработка Е. Г. Каргановой] |
|
| 203 |
^aТекст ^aИзображение ^bнеподвижное ^bдвухмерное ^cнепосредственные |
||
| 210 |
^aМосква ^cАСТ ^cАстрель ^d2003 |
||
| 215 |
^a[32] с. ^cил. ^d27 см |
||
| 345 | ^910 000 экз. (дополнительный тираж) | ||
| 606 | 0 |
^aАЗБУКИ ^3BY-NLB-ar3208539 ^2DVNLB |
|
| 606 | 0 |
^aСКАЗКИ ^3BY-NLB-ar2690406 ^2DVNLB |
|
| 606 | 0 |
^aАЛФАВИТ ^2DVNLB ^3BY-NLB-ar2223 |
|
| 606 | 0 |
^aДОШКОЛЬНИКИ ^2DVNLB ^3BY-NLB-ar9868 |
|
| 606 | 0 |
^aДЕТСКАЯ И ЮНОШЕСКАЯ ЛИТЕРАТУРА ^3BY-NLB-ar2691728 ^2DVNLB |
|
| 608 |
^aДЕТСКАЯ И ЮНОШЕСКАЯ ЛИТЕРАТУРА (художеств. произведение) ^3BY-NLB-ar9019 ^2BYGNR |
||
| 608 |
^aКНИГА-ИГРА ^3BY-NLB-ar8243305 ^2DVNLB |
||
| 608 |
^aСКАЗКА ^3BY-NLB-ar30342 ^2BYGNR |
||
| 608 |
^aАЗБУКА ^3BY-NLB-ar3208526 ^2BYGNR |
||
| 686 |
^a84 ^2rubbk |
||
| 690 |
^a1 ^2Base ^9BY-MI0006 ^xRSEK |
||
| 702 | 1 |
^aКарганова ^bЕ. Г. ^gЕкатерина Георгиевна ^cрод. 1922 ^3BY-SEK-1454010 ^4570 |
|
| 801 | 0 |
^aBY ^bBY-VI0001 ^c20180719 ^gpsbo |
|
| 801 | 2 |
^aBY ^bBY-MI0006 ^c20260318 ^gRCR |
|
| 899 | 0 |
^aBY-MI0006 ^iА35 ^h84 |
|